000 00951nam a2200301 a 4500
008
020 _a9780415855426 (paperback)
040 _aNUST
_cNUST
049 _aMAIN
090 _aRC489
_bOCO
100 1 _aO'Connor, Kieron P.,
_aauthor.
245 1 0 _aA constructionist clinical psychology for cognitive behaviour therapy/
_c Kieron P O'Connor.
260 _aEast Sussex :
_bRoutledge,
_c2015.
300 _axi, 247 pages :
_billustrations ;
_c24 cm.
336 _atext
_btxt
_2rdacontent
337 _aunmediated
_bn
_2rdamedia
338 _avolume
_bnc
_2rdacarrier
500 _aIncludes index.
504 _aIncludes bibliographical references.
650 1 _aCognitive therapy.
650 _aModels, Psychological.
650 _aPhilosophy.
650 _aPsychopathology.
907 _a.b10405707
_b18-06-21
_c18-06-21
003
005 20230120204310.0
942 _cBOOKS
_kRC489
_mOCO
999 _c120718
_d120718